000 00691cam a2200205 i 4500
005 20260427103159.0
008 250721s1999 jo gr 000 0 ara d
041 1 _aara
_afre
082 1 4 _a440.7
_bأ ح م
100 1 _aرشيد، أحمد
_eمؤلف.
245 1 0 _aقواعد اللغة الفرنسية /
_cتأليف أحمد رشيد ؛ مراجعة وتدقيق عصام حداد.
246 1 1 _aGrammairedu francais
250 _aالطبعة الأولى.
264 3 1 _aعمان :
_bأحمد رشيد،
_c1999.
300 _a125 صفحة.
650 1 7 _aقواعد اللغة.
650 1 7 _aاللغة الفرنسية.
942 _2ddc
_cBK
999 _c52945
_d52945